|
|
|
แสดงรายละเอียดบรรณานุกรม |
|
|
Brief Record
: Get Marc (ISO 2709)
: E-mail record
: |
|
|
| LEADER 01174nam 2200277 a 4500 | |||
| 001 33197 | |||
| 003 ULIBM | |||
| 008 030417s2004 caua sb 001 0 eng | |||
| 020 ^a974-518-495-5 | |||
| 082 ^aนว^bว-น | |||
| 100 ^aวิภาวดีรังสิต, พระองค์เจ้า | |||
| 245 ^aนิกกับพิม /^cพระองค์เจ้าวิภาวดีรังสิต | |||
| 250 ^aพิมพ์ครั้งที่ 7 | |||
| 260 ^aกรุงเทพฯ:^bต้นอ้อแกรมมี่,^c2544 | |||
| 300 ^a347 หน้า | |||
| 913 ^aImported by ULIBM Administrator | |||
| 949 ^aImport form external file by ULIBM system | |||
| คุณยังไม่ได้ล็อกอิน คุณสามารถมีกิจกรรมร่วมกับเว็บไซต์ได้ แต่ต้องล็อกอินก่อน :: |
|
| สถานะ | |||||||||
| - ไม่พบข้อมูล - | |||||||||
| [แสดง 1/1 รายการ] | |||||||||

| รายการใกล้เคียง ผู้แต่ง [วิภาวดีรังสิต, พระองค์เจ้า]
|
BibComment |
| คอมเมนท์ทรัพยากรรายการนี้ |
|
|
ห้องสมุดโรงเรียนสามัคคีวิทยาคม
159 ถ.บรรพปราการ ต.เวียง อ.เมือง จ.เชียงราย 57000
โทร. 053-711018 โทรสาร 053-713003